Enchanting Vietnam

Bibliographic Details
Main Author: Bowden, David
Format: Book
Published: Oxford : John Beaufoy Publishing Limited , 2014
Subjects:

MARC

LEADER 00000cam a2200000 7i4500
001 0000195507
005 20160302.0
020 |a 9781909612211 
090 0 0 |a 915.970444   |b BOW 
100 1 |a Bowden, David 
245 1 0 |a Enchanting Vietnam   |c David Bowden 
260 |a Oxford :   |b John Beaufoy Publishing Limited ,   |c 2014 
300 |a 80p. :   |b .col. photos ;   |c 26cm. 
651 0 |a Vietnam   |x Description and travel 
651 0 |a Vietnam   |x Guidebooks 
999 |a 00315807   |b BUKU   |c PINJAMAN   |e PERPUSTAKAAN KOMUNITI PETALING JAYA